Southville International School and Colleges
Your cart is empty.
  • Cart
  • Lists
    Public lists Eva Luna New books Lux_list list_1
    Your lists Log in to create your own lists
  • Log in to your account
  • Your cookies
  • Search history
Southville International School and Colleges
  • Advanced search
  • Recent comments
  • Most popular
  • Libraries

Log in to your account

Log in with GOOGLE


If you do not have an external account, but do have a local account, you can still log in:

  1. Home
  2. MARC view: Food tour :
Normal view MARC view ISBD view

Food tour : (Record no. 305199)

[ view plain ]
MARC details
000 -LEADER
fixed length control field 00586nam a2200241Ia 4500
008 - FIXED-LENGTH DATA ELEMENTS--GENERAL INFORMATION
fixed length control field 161112s9999 xx 000 0 und d
020 ## - INTERNATIONAL STANDARD BOOK NUMBER
International Standard Book Number 978-971-27-2150-2
050 ## - LIBRARY OF CONGRESS CALL NUMBER
Classification number FIL TX 651
050 ## - LIBRARY OF CONGRESS CALL NUMBER
Item number .T39 2008
100 ## - MAIN ENTRY--PERSONAL NAME
Personal name Tayag, Claude.
245 #0 - TITLE STATEMENT
Title Food tour :
245 #2 - TITLE STATEMENT
Remainder of title a culinary journal /
245 #0 - TITLE STATEMENT
Statement of responsibility, etc by Claude Tayag.
260 ## - PUBLICATION, DISTRIBUTION, ETC. (IMPRINT)
Place of publication, distribution, etc Manila :
260 ## - PUBLICATION, DISTRIBUTION, ETC. (IMPRINT)
Name of publisher, distributor, etc Anvil Publishing Inc.,
260 ## - PUBLICATION, DISTRIBUTION, ETC. (IMPRINT)
Date of publication, distribution, etc 2008
300 ## - PHYSICAL DESCRIPTION
Extent 259 pages :
300 ## - PHYSICAL DESCRIPTION
Other physical details illustrations ;
300 ## - PHYSICAL DESCRIPTION
Dimensions 25 cm.
650 ## - SUBJECT ADDED ENTRY--TOPICAL TERM
Topical term or geographic name as entry element Cookery, Asian.
650 ## - SUBJECT ADDED ENTRY--TOPICAL TERM
Topical term or geographic name as entry element Cookery.
650 ## - SUBJECT ADDED ENTRY--TOPICAL TERM
General subdivision Cookery, Filipino.
Holdings
Withdrawn status Lost status Damaged status Home library Current library Shelving location Date acquired Cost, normal purchase price Total Checkouts Full call number Barcode Date last seen Price effective from Koha item type
      South Mansfield College South Mansfield College   02/14/2011 395.00   FIL TX 651 .T39 2008 SMC05461 11/12/2016 11/12/2016  

Food tour :

APA

Tayag C., .Food tour. Manila: .

Chicago

Tayag Claude, .Food tour. Manila: .

Harvard

Tayag C., .Food tour. Manila: .

MLA

Tayag Claude, .Manila: . .

  • Place hold
  • Print
  • Cite
  • Add to your cart (remove)
  • Save record
    BIBTEX Dublin Core MARCXML MARC (non-Unicode/MARC-8) MARC (Unicode/UTF-8) MARC (Unicode/UTF-8, Standard) MODS (XML) RIS
  • More searches
    Search for this title in:
    Other Libraries (WorldCat) Other Databases (Google Scholar) Online Stores (Bookfinder.com) Open Library (openlibrary.org)

Exporting to Dublin Core...

SOUTHVILLE LIBRARY

Southville International School and Colleges Library

1281 Tropical Ave. Cor. Luxembourg St., BF Homes International, Las Pinas City

Tel. No. 8256374 / 252358 Loc. 117/146

Powered by Koha